000 00308nam a2200121Ia 4500
008 190216s9999||||xx |||||||||||||| ||und||
100 _aHerman A Szymanski & Robert E Yelin
245 0 _aNmr Band Hand Book
260 _bPlenum Press
_c1968
300 _a432p
650 _aChemistry-Chemistry
942 _cBK
999 _c2418
_d2418